Chicago at the turn of the century in photographs: 122 historic views from the collections of the Chicago historical society

Na minha lista:
Detalhes bibliográficos
Formato: Livro
Idioma:inglês
Publicado em: Nueva York Dover 1984
coleção:Dover books on America
Assuntos:
Tags: Adicionar Tag
Sem tags, seja o primeiro a adicionar uma tag!

MARC

LEADER 00000nam a2200000 a 4500
001 UCY0617
003 CL-VaPUC
008 940808e19840000US |||||||||||||||||eng|d
082 0 4 |a 770  |b CHI  |2 21 
245 1 0 |a Chicago at the turn of the century in photographs: 122 historic views from the collections of the Chicago historical society 
300 |a 125 p 
942 |c BK 
945 |d 19940808 00:00:00  |a oaravena 
260 |a Nueva York  |b Dover  |c 1984 
650 0 |a Fotografías  |9 268494 
650 0 |a Descripciones y viajes  |9 262159 
651 7 |a CHICAGO, ILL, ESTADOS UNIDOS  |2 CL-VaPUC  |9 328391 
583 |a last modification  |c 19940808 00:00:00  |k Rodrigo Vera 
490 0 |a Dover books on America 
999 |c 229579  |d 229577 
952 |0 0  |1 0  |4 0  |6 770_000000000000000_CHI_1984  |7 0  |8 A  |9 230876  |a BIBARQ  |b BIBARQ  |d 2019-11-15  |i 3000427  |l 1  |o 770 CHI 1984  |p 3000427  |r 2025-01-20  |s 2022-06-16  |w 2019-11-15  |y BK  |k ARQ